000 00268nam a2200109Ia 4500
008 190913s9999||||xx |||||||||||||| ||und||
100 _aJohn Beckford
245 0 _aQuality A Critical Introduction
260 _alondon
_bMcGraw Hill
_c2003
300 _a787
942 _cBK
999 _c8314
_d8314